000 00697nam a2200205Ia 4500
003 GCL
008 140319s9999 xx 000 0 ara d
040 _aGCL /
_cGCL
082 0 4 _aد
_b050
100 1 _aمجيد مسعود
245 1 0 _aالتخطيط للتقدم الاقتصادى والاجتماعى (عالم المعرفة 73) /
_cمجيد مسعود
300 _a350 ص
490 _aعالم المعرفة
_v0
650 0 4 _aالتخطيط الاقتصادى
650 0 4 _aالتنمية الاجتماعية
650 0 4 _aالتنمية الاقتصادية
650 0 4 _aالتخطيط الاجتماعى
650 0 4 _aالاستقرار الاقتصادى
942 _2ddc
_cBK
999 _c50427
_d50427